000 00580cam a22001938i 4500
005 20250624122111.0
008 231215s2024 ilu b 001 0 eng
020 _a9780226834979
040 _cSDCL
084 _aO-,1M:g R4
100 1 _aLevine, Naomi
245 1 4 _aThe burden of rhyme :
_bVictorian poetry, formalism, and the feeling of literary history /
_cNaomi Levine.
246 3 0 _aVictorian poetry, formalism, and the feeling of literary history
300 _a255p.
650 0 _aEnglish poetry
650 0 _aPoetics.
650 0 _aCriticism
942 _2CC
_cTEXL
999 _c1429120
_d1429120